Countries, US States, Capitals, Elements, 100 Most Common Words: containing AB, BC, CD... or YZ in their name - Statistics

General Stats
  • This quiz has been taken 417 times
    410 since last reset
  • The average score is 46 of 144
Answer Stats
Hint ANSWER % Correct
-- NO
78%
--___ ABuja
75%
_---________ aFGHaniSTan
75%
---___ TUValu
75%
________--__ TUrkmeniSTan
72%
______--__ kyrgYZSTan
71%
--____ NOrway
69%
--_ NOt
67%
--___ GHana
64%
--_________ NOrth korea
64%
_______-- STockhoLM
64%
--___ TUnis
64%
--_______ ABu dhABi
63%
--_____ DEnmark
63%
--______________________________ DEmocratic republic of the congo
61%
______--__ kazakhSTan
60%
--__________ NOrth dakota
60%
______--__ tajikiSTan
60%
--_____ TUnisia
60%
--____________ NOrth carolina
59%
--___ ABout
58%
____--__ pakiSTan
58%
______--__ uzbekiSTan
58%
--____ TUrkey
57%
--_ NOw
55%
--______ DElaware
52%
_--__ cHIna
51%
_--__ cHIle
50%
_--__ gABon
50%
__--___ auSTria
49%
__--_____ auSTralia
48%
_--_ fIJi
46%
______--___ addis ABABa
44%
_--___ aSTana
44%
--_______ STrontium
44%
--_ HIs
43%
__--__ boSTon
42%
--________ NOuakchott
42%
_--__ rABat
42%
--____ DEnver
41%
_--_____ gABorone
41%
--_ HIm
41%
_--_ tHIs
41%
_______--____ united STates
41%
_--___________ jEFfeRSon city
40%
--________ DEs moines
39%
__--- fiRST
39%
_--__ kABul
39%
_--___ oXYgen
39%
_--_______ cOPenhagen
37%
_--________ pHIlippines
37%
_--_ sUVa
37%
_--____ tHImphu
37%
__--__ auSTin
36%
__--_________ weST virginia
36%
_--_____ cHIșinău
35%
--______ NObelium
35%
_____-- vanuaTU
35%
_--________ cOPernicium
34%
__--______ eaST timor
34%
_--____ eSTonia
34%
_--__ tHInk
34%
_________--_________ united arAB emirates
34%
_--___ cOPper
33%
__--______ coSTa rica
33%
____--__ TUngSTen
33%
__--___ alABama
32%
____--___ new DElHI
32%
_______-- buchareST
31%
__--____ caSTries
31%
__--__________________________ feDErated STates of micronesia
31%
__-- moST
31%
____--_ auguSTa
30%
______-- budapeST
30%
_--_____ oKLahoma
30%
___--___ priSTina
30%
________--___ liechtenSTein
29%
_--____ aRSenic
28%
_--_____ aSTatine
28%
___________--____________ sri jayawarDEnapura kotte
28%
__--___ baGHdad
26%
__-- juST
26%
___--_ malABo
26%
_--_ oHIo
26%
_--__________ oKLahoma city
26%
___--_ sweDEn
26%
______--__ azerbaIJan
25%
________-- san mariNO
25%
__--_____ amSTerdam
24%
____--__ kingSTon
23%
____--___ kingSTown
23%
_--_ kNOw
23%
____--______ darmSTadtium
22%
__--___ mbABane
22%
________--__ saudi arABia
22%
_--__ wHIch
22%
_____-- raleiGH
20%
____--__ ashgABat
19%
________-- cape verDE
17%
__--_______ caRSon city
17%
__--__ skOPje
17%
_--___ tOPeka
17%
_________--__ new hampsHIre
16%
_____-- yaoundé
16%
__--___ beIJing
15%
__--____ etHIOPia
15%
___--_____ wasHIngton
15%
___--_________ wasHIngton d.c.
15%
_____-- algieRS
14%
__--___ hoLMium
14%
__--____________ maRShall islands
14%
__--______ phNOm penh
14%
__--__ waRSaw
14%
___--___ porTUgal
13%
______--__ banglaDEsh
12%
______-- belgraDE
12%
_____--__ islamABad
12%
____--_ lebaNOn
12%
___--___ micHIgan
12%
______--__ new jeRSey
12%
______--__ charleSTon
11%
__--_ haNOi
11%
___--__ litHIum
11%
___--_______ rhoDE island
11%
__--____ beLMOPan
10%
___--______ einSTeinium
10%
__--_ xeNOn
10%
___--_______ bueNOs aires
9%
_____--___ proviDEnce
9%
____--__ illiNOis
8%
___--______ menDElevium
8%
_______--_ monteviDEo
8%
____--__ zimbABwe
8%
__--____ hoNOlulu
7%
___--____ nepTUnium
7%
______--_____________ porto-NOvo or cotoNOu
7%
___--___ kenTUcky
6%
__--__ peOPle
6%
__--______ seABorgium
6%
___--___ eurOPium
5%
_____--___ molybDEnum
5%
______--__ prometHIum
4%
_____--__ ngeruLMud
3%
No matching quizzes found
Score Distribution
Percent of People with Each Score
Percentile by Number Answered
Your Score History
You have not taken this quiz since the last reset